| 000 | 01321cam a22003975a 4500 | ||
|---|---|---|---|
| 001 | 7189746 | ||
| 003 | EG-ScBUE | ||
| 005 | 20220227093122.0 | ||
| 008 | 051016s2005 ua f 000 f eng d | ||
| 020 | _a977424950X | ||
| 020 | _a9789774249501 | ||
| 035 | _a(OCoLC)ocn688889785 | ||
| 035 | _a7189746 | ||
| 040 |
_aHLS _beng _erda _cHLS _dCUY _dOCLCG _dCtY _dEG-ScBUE _dEG-ScBUE |
||
| 041 | 1 |
_aeng _hara |
|
| 043 | _af-ua--- | ||
| 082 | 0 | 4 |
_a892.736 _bKHA _222 |
| 100 | 1 |
_aKharrat, Edwar, _d1926- _eauthor. |
|
| 240 | 1 | 0 |
_aHijarat Bobello. _lEnglish |
| 245 | 1 | 0 |
_aStones of bobello / _cEdwar al-Kharrat ; translated by Paul Starkey. |
| 264 | 1 |
_aCairo : _bThe American University in Cairo Press, _c2005. |
|
| 300 |
_a144 pages ; _c22 cm |
||
| 336 |
_2rdacontent _atext _btxt |
||
| 337 |
_2rdamedia _aunmediated _bn |
||
| 338 |
_2rdacarrier _avolume _bnc |
||
| 500 | _aFirst published in Arabic in 1993. | ||
| 546 | _aText in English ; translated from original Arabic. | ||
| 650 | 7 |
_aSocial conditions. _2BUEsh |
|
| 651 | 7 |
_aEgypt _zNile River Delta _2BUEsh |
|
| 653 |
_bARALIT _bHHUUEENN _bGGEN _cMarch2017 |
||
| 655 |
_vReading book _934232 |
||
| 700 | 1 |
_aStarkey, Paul, _d1947-, _etranslator. _935161 |
|
| 752 |
_aEgypt _dCairo. |
||
| 942 |
_2ddc _cBB |
||
| 999 |
_c24461 _d24433 |
||